[Event "5th Nebesna Sotnya Rapid 2018"]
[Site "Lutsk"]
[Date "2018.02.17"]
[Round "6"]
[White "Seletsky, Grigory"]
[Black "Solovchuk, Oleksiy"]
[Result "1/2-1/2"]
[WhiteElo "2336"]
[BlackElo "2364"]
[Annotator "ChessBase"]
[PlyCount "187"]
[EventDate "2018.??.??"]
[EventType "swiss"]
[EventCountry "UKR"]
[SourceTitle "playchess.com"]
[Source "ChessBase"]
[SourceQuality "1"]
[TimeControl "1200+5"]

1. d4 {[%emt 0:00:00]} Nf6 {[%emt 0:00:03]} 2. Nf3 {[%emt 0:00:03]} e6 {[%emt 0:00:02]} 3. Bf4 {[%emt 0:00:04]} b6 {[%emt 0:00:02]} 4. e3 {[%emt 0:00:04]} Bb7 {[%emt 0:00:01]} 5. h3 {[%emt 0:00:06]} c5 {[%emt 0:00:11]} 6. c3 {[%emt 0:00:02]} cxd4 {[%emt 0:00:06]} 7. exd4 {[%emt 0:01:00]} Be7 {[%emt 0:00:01]} 8. Bd3 {[%emt 0:00:39]} O-O {[%emt 0:00:05]} 9. O-O {[%emt 0:00:16]} d6 {[%emt 0:00:01]} 10. a4 {[%emt 0:00:32]} a6 {[%emt 0:00:02]} 11. Nbd2 {[%emt 0:01:32]} Nbd7 {[%emt 0:00:01]} 12. Re1 {[%emt 0:03:12]} Re8 {[%emt 0:00:16]} 13. Qb1 {[%emt 0:00:18]} Qc7 {[%emt 0:00:39]} 14. Ne4 {[%emt 0:00:53]} Nxe4 {[%emt 0:00:02]} 15. Bxe4 {[%emt 0:00:01]} Nf6 {[%emt 0:00:10]} 16. Bxb7 {[%emt 0:00:08]} Qxb7 {[%emt 0:00:01]} 17. c4 {[%emt 0:01:56]} d5 {[%emt 0:00:16]} 18. b3 {[%emt 0:00:26]} Rac8 {[%emt 0:01:13]} 19. Qd3 {[%emt 0:00:26]} Bb4 {[%emt 0:00:59]} 20. Rec1 {[%emt 0:00:37]} dxc4 {[%emt 0:01:01]} 21. bxc4 {[%emt 0:00:05]} Qe4 {[%emt 0:00:01]} 22. Qb3 {[%emt 0:02:09]} a5 {[%emt 0:00:14]} 23. Be3 {[%emt 0:00:21]} Nd7 {[%emt 0:00:09]} 24. Qc2 {[%emt 0:03:30]} Qxc2 {[%emt 0:00:36]} 25. Rxc2 {[%emt 0:00:02]} Rc7 {[%emt 0:00:45]} 26. Bd2 {[%emt 0:01:03]} Rec8 {[%emt 0:00:05]} 27. Bxb4 {[%emt 0:00:07]} axb4 {[%emt 0:00:02]} 28. Nd2 {[%emt 0:00:02]} Nb8 {[%emt 0:00:50]} 29. Rb2 {[%emt 0:00:48]} Rd7 {[%emt 0:00:23]} 30. Rxb4 {[%emt 0:00:17]} Rxd4 {[%emt 0:00:02]} 31. Nb3 {[%emt 0:00:22]} Rd6 {[%emt 0:00:14]} 32. a5 {[%emt 0:00:03]} bxa5 {[%emt 0:00:03]} 33. Nxa5 {[%emt 0:00:09]} Ra6 {[%emt 0:00:23]} 34. Rab1 {[%emt 0:00:11]} Nd7 {[%emt 0:00:01]} 35. Rb7 {[%emt 0:00:12]} Rd6 {[%emt 0:02:11]} 36. Ra7 {[%emt 0:00:06]} g5 {[%emt 0:00:09]} 37. Rbb7 {[%emt 0:00:06]} Ne5 {[%emt 0:00:22]} 38. Rb5 {[%emt 0:00:22]} Rd1+ {[%emt 0:00:01]} 39. Kh2 {[%emt 0:00:01]} Re1 {[%emt 0:00:02]} 40. c5 {[%emt 0:00:32]} Kg7 {[%emt 0:01:49]} 41. c6 {[%emt 0:00:06]} Kf6 {[%emt 0:00:02]} 42. Rc5 {[%emt 0:00:12]} h5 {[%emt 0:04:35]} 43. c7 {[%emt 0:00:01]} Ke7 {[%emt 0:02:38]} 44. Nc6+ {[%emt 0:00:20]} Nxc6 {[%emt 0:00:02]} 45. Rxc6 {[%emt 0:00:01]} Rd1 {[%emt 0:00:18]} 46. Rc5 {[%emt 0:00:09]} f6 {[%emt 0:00:08]} 47. h4 {[%emt 0:00:09]} Kd6 {[%emt 0:00:22]} 48. Rc4 {[%emt 0:00:02]} gxh4 {[%emt 0:00:24]} 49. Rxh4 {[%emt 0:00:02]} Rd5 {[%emt 0:00:02]} 50. Rc4 {[%emt 0:00:04]} Kd7 {[%emt 0:00:34]} 51. Kh3 {[%emt 0:00:04]} Rd2 {[%emt 0:00:33]} 52. Ra5 {[%emt 0:00:08]} f5 {[%emt 0:00:26]} 53. f4 {[%emt 0:00:08]} Rxc7 {[%emt 0:00:32]} 54. Rxc7+ {[%emt 0:00:01]} Kxc7 {[%emt 0:00:02]} 55. Ra7+ {[%emt 0:00:00]} Kd6 {[%emt 0:00:01]} 56. Rh7 {[%emt 0:00:02]} Rd1 {[%emt 0:00:00]} 57. Kh2 {[%emt 0:00:01]} Kd5 {[%emt 0:00:02]} 58. Rxh5 {[%emt 0:00:02]} Ke4 {[%emt 0:00:01]} 59. Rh4 {[%emt 0:00:01]} Ke3 {[%emt 0:00:15]} 60. Kg3 {[%emt 0:00:02]} Rd3 {[%emt 0:00:02]} 61. Rh6 {[%emt 0:00:14]} Ke4+ {[%emt 0:00:03]} 62. Kf2 {[%emt 0:00:01]} Rd6 {[%emt 0:00:16]} 63. Kg3 {[%emt 0:00:02]} Ke3 {[%emt 0:00:07]} 64. Rg6 {[%emt 0:00:04]} Ke2 {[%emt 0:00:03]} 65. Rh6 {[%emt 0:00:03]} Rd3+ {[%emt 0:00:03]} 66. Kh2 {[%emt 0:00:13]} Re3 {[%emt 0:00:01]} 67. Rf6 {[%emt 0:00:07]} Kf2 {[%emt 0:00:04]} 68. Rg6 {[%emt 0:00:17]} Kf1 {[%emt 0:00:07]} 69. g4 {[%emt 0:00:04]} Kf2 {[%emt 0:00:11]} 70. gxf5 {[%emt 0:00:10]} exf5 {[%emt 0:00:01]} 71. Ra6 {[%emt 0:00:06]} Re8 {[%emt 0:00:04]} 72. Ra2+ {[%emt 0:00:03]} Kf3 {[%emt 0:00:01]} 73. Ra3+ {[%emt 0:00:00]} Kg4 {[%emt 0:00:02]} 74. Kg2 {[%emt 0:00:02]} Re2+ {[%emt 0:00:02]} 75. Kf1 {[%emt 0:00:00]} Rb2 {[%emt 0:00:01]} 76. Kg1 {[%emt 0:00:02]} Kxf4 {[%emt 0:00:08]} 77. Kf1 {[%emt 0:00:05]} Kg4 {[%emt 0:00:01]} 78. Rc3 {[%emt 0:00:09]} f4 {[%emt 0:00:02]} 79. Ra3 {[%emt 0:00:08]} Rh2 {[%emt 0:00:02]} 80. Kg1 {[%emt 0:00:01]} Re2 {[%emt 0:00:02]} 81. Kf1 {[%emt 0:00:00]} Re8 {[%emt 0:00:09]} 82. Rb3 {[%emt 0:00:01]} Rh8 {[%emt 0:00:06]} 83. Kg1 {[%emt 0:00:05]} Rg8 {[%emt 0:00:05]} 84. Kf2 {[%emt 0:00:02]} Ra8 {[%emt 0:00:05]} 85. Rc3 {[%emt 0:00:03]} Ra1 {[%emt 0:00:05]} 86. Rb3 {[%emt 0:00:02]} Ra2+ {[%emt 0:00:01]} 87. Kf1 {[%emt 0:00:03]} Rc2 {[%emt 0:00:03]} 88. Ra3 {[%emt 0:00:00]} Rd2 {[%emt 0:00:02]} 89. Rb3 {[%emt 0:00:01]} Kf5 {[%emt 0:00:00]} 90. Ra3 {[%emt 0:00:03]} Ke4 {[%emt 0:00:02]} 91. Rb3 {[%emt 0:00:02]} Kf5 {[%emt 0:00:06]} 92. Ra3 {[%emt 0:00:00]} Kg4 {[%emt 0:00:01]} 93. Rb3 {[%emt 0:00:00]} f3 {[%emt 0:00:01]} 94. Rb8 1/2-1/2

[Event "5th Nebesna Sotnya Rapid 2018"]
[Site "Lutsk"]
[Date "2018.02.17"]
[Round "6"]
[White "Meleshko, Vladimir"]
[Black "Gritsak, Orest"]
[Result "0-1"]
[WhiteElo "2297"]
[BlackElo "2469"]
[Annotator "TA"]
[PlyCount "52"]
[EventDate "2018.??.??"]
[EventType "swiss"]
[EventCountry "UKR"]
[SourceTitle "playchess.com"]
[Source "ChessBase"]
[SourceQuality "1"]

{[%evp 14,52,-30,-33,-16,-9,7,-15,-6,-10,-17,-8,0,-9,0,0,0,0,0,0,0,-31,-29,-114,-111,-137,-136,-150,-150,-150,-152,-282,-282,-291,-291,-363,-362,-487,-462,-861,-860]} 1. e4 c5 2. Nf3 e6 3. c4 Nc6 4. Nc3 Nd4 5. d3 Ne7 6. Nxd4 {B40: Sizilianisch (Klassisches System mit e7-e6)} (6. Be2 Nxf3+ 7. Bxf3 Nc6 8. O-O Be7 9. g3 O-O 10. Bg2 a6 11. Be3 Rb8 12. a4 b6 13. f4 {½-½ (37) Richter,M (2505)-Saric,I (2666) Germany 2017}) 6... cxd4 7. Ne2 Nc6 8. g3 {LiveBook: 4 Partien. Schwarz hat minimalen Vorteil.} Bb4+ 9. Bd2 Qa5 10. f4 d6 11. a3 Bxd2+ 12. Qxd2 Qxd2+ 13. Kxd2 e5 $146 14. b4 {[%cal Bb2b4,Bb4b5][%mdl 32]} a5 15. b5 Nd8 16. f5 b6 17. Ng1 g6 18. g4 (18. Bg2 $11) 18... h5 $17 {[%cal Bh7h5,Bh5g4][%mdl 32]} 19. fxg6 hxg4 20. gxf7+ Nxf7 21. Ne2 Ng5 22. Bg2 (22. Ng3 $17) 22... Ra7 $19 23. Ng3 Rah7 24. Nf1 Ne6 25. Rg1 Nf4 26. Bh1 (26. Ra2 $142) 26... Rh3 {Precision: Weiß = 28%, Schwarz = 82%.} 0-1

[Event "5th Nebesna Sotnya Rapid 2018"]
[Site "Lutsk"]
[Date "2018.02.17"]
[Round "7"]
[White "Bernadskiy, Vitaliy"]
[Black "Bordovsky, Vladimir"]
[Result "1-0"]
[WhiteElo "2588"]
[BlackElo "2380"]
[Annotator "TA"]
[PlyCount "127"]
[EventDate "2018.??.??"]
[EventType "swiss"]
[EventCountry "UKR"]
[SourceTitle "playchess.com"]
[Source "ChessBase"]
[SourceQuality "1"]

{[%evp 20,127,128,148,138,17,213,0,0,-83,-80,-101,-50,-64,42,48,188,185,194,203,185,178,197,184,175,88,90,91,107,97,90,95,97,83,86,68,76,77,116,118,114,114,114,110,192,157,170,103,123,92,100,28,12,8,66,66,276,277,280,287,279,264,233,233,258,160,195,83,108,0,8,0,78,0,0,-1445,0,0,0,0,0,0,0,0,0,0,0,-819,0,0,0,0,0,0,0,0,0,0,8,-13,-8,-314,514,505,519,463,29967,6119,29982,29983]} 1. d4 d6 2. Nf3 {[%cal Bg1f3,Bf3g5,Bg5e6,Be6c7,Bc7a8][%mdl 32]} Nf6 3. Nc3 Nbd7 4. e4 e5 5. Bc4 Be7 6. a4 a5 {C41: Philidor Defence} (6... O-O 7. O-O c6 8. Re1 exd4 9. Nxd4 Ne5 10. Bf1 Re8 11. Bf4 Qa5 12. Qd2 Ng6 13. Be3 Qc7 14. h3 Bf8 15. Bg5 Be7 16. Nf5 Bxf5 17. exf5 {1-0 (33) Fressinet,L (2662)-Khismatullin,D (2632) Riadh 2017}) 7. Ng5 O-O 8. Bxf7+ Rxf7 9. Ne6 Qe8 10. Nxc7 Qd8 11. Nxa8 {LiveBook: 6 Games} b6 12. dxe5 (12. Nb5 $1 $16) 12... dxe5 $2 (12... Nxe5 $11 {and Black stays safe.} 13. f4 Bg4) 13. Nd5 $146 (13. Nb5 $18) ({Predecessor:} 13. Be3 Bb7 14. Nxb6 Nxb6 15. Qxd8+ Bxd8 {1-0 (38) Khazieva,E (2109)-Galimullina,G (1776) Togliatti 2014}) 13... Bc5 $1 $11 14. Nxf6+ (14. O-O $11 Nxe4 15. Be3) 14... Qxf6 $17 {[%csl Gc5,Gf7][%cal Rf6f2]} 15. f3 {Strongly threatening Nc7.} Qh4+ (15... Nb8 $1 $17) 16. g3 $15 Qh3 (16... Qh5 $15) 17. Qe2 $14 Nf8 ({Black should try} 17... Qh5 $14 18. Rf1 Nb8) 18. Be3 $18 Ba6 19. Qxa6 Bxe3 20. Qe2 Bc5 21. O-O-O Qc8 22. Rd5 (22. Nxb6 $1 $18 Bxb6 23. Kb1) 22... Qxa8 $16 23. Rxe5 Qc6 24. Rd1 Qxa4 25. Kb1 Qb4 26. f4 a4 {Black wants to play ...a3.} 27. c3 Qb3 28. Qc2 Qc4 29. Qd3 Qxd3+ 30. Rxd3 g6 31. Re8 Kg7 (31... Ra7 $16 32. Rc8 Kf7) 32. e5 Ra7 33. Ka2 (33. g4 $1 $18) 33... Kf7 34. Rb8 Ne6 35. b4 (35. Rc8 $16) 35... axb3+ $1 $11 36. Kxb3 Ke7 (36... Bg1 $1 $11 37. Kc4 Rc7+ 38. Kb5 Bxh2) 37. Kc4 $14 Nc7 $2 ({Black should play} 37... h5 $14) 38. Rh8 $1 $18 Ra4+ 39. Kb3 Ra3+ 40. Kb2 Ke6 41. Rxh7 Nd5 42. Rh6 Ra5 43. Rxg6+ (43. h4 $1 $18 {and White stays clearly on top.}) 43... Kf5 $16 44. Rc6 (44. Rd6 $1 $16 {[%cal Rd6d5]} Ne3 45. Rd7) 44... Ke4 $1 $11 {[%cal Re4d3]} 45. Rd2 Ne3 {[#]} (45... Rb5+ $11 46. Kc1 Ba3+ 47. Kd1 Rb1+ 48. Ke2 Bc5 49. Rxd5 Kxd5) 46. Re2 (46. Kb1 $1 $16) 46... Rb5+ 47. Ka2 $2 {[%mdl 8192]} (47. Ka1 $11 Kd3 48. Rb2 Nc2+ 49. Kb1 Na3+ 50. Ka1 Nc2+ 51. Kb1 Na3+ 52. Ka1 Nc2+) 47... Ra5+ $2 (47... Kd3 $19 48. Rxe3+ Bxe3) 48. Kb3 {Threatens to win with e6.} Rb5+ 49. Ka4 Ra5+ 50. Kb3 Rb5+ 51. Ka4 $2 {[%mdl 8192]} (51. Ka2 $11 Kd3 52. Rxe3+ Bxe3 53. Rc7) 51... Ra5+ $19 52. Kb3 Rb5+ 53. Ka2 Ra5+ $2 (53... Kd3 $19 54. Rb2 Ra5+ 55. Kb1 Nd1) 54. Kb1 $11 {Hoping for Rc7.} Kd3 $1 {[%cal Rd3e2]} 55. Ra2 {Black must now prevent Rxa5.} Rb5+ $1 56. Rb2 Ra5 57. Ra2 Rb5+ $1 58. Rb2 Ra5 $1 {And now ...Nd1 would win.} 59. e6 {aiming for Rc7.} Nc4 60. Rxc5 $4 {[%mdl 8192]} (60. Rb4 $11 {and White has nothing to worry.} Kxc3 61. Rxc4+ Kxc4 62. f5) 60... Rxc5 $4 {[%mdl 8192]} (60... bxc5 $19 {and all is fine.} 61. Ra2 Nd2+ 62. Rxd2+ (62. Ka1 Rb5 $17) 62... Kxd2) 61. e7 $18 Rc8 {[#]} 62. f5 $1 Nxb2 (62... Ne3 $18 63. f6 Nd5 64. Rxb6 Nxc3+ 65. Kb2 (65. Ka1 {gets mated.} Kc2 66. Rb2+ Kc1 67. e8=Q Rxe8 68. Ra2 Rb8 69. Rc2+ Kxc2 70. h4 Rb1#) 65... Na4+ 66. Kb3 Nxb6) 63. Kxb2 Rxc3 64. e8=Q {Precision: White = 45%, Black = 53%.} 1-0

[Event "5th Nebesna Sotnya Rapid 2018"]
[Site "Lutsk"]
[Date "2018.02.17"]
[Round "7"]
[White "Bogdanovich, Stanislav"]
[Black "Seletsky, Grigory"]
[Result "1-0"]
[WhiteElo "2560"]
[BlackElo "2336"]
[Annotator "TA"]
[PlyCount "62"]
[EventDate "2018.??.??"]
[EventType "swiss"]
[EventCountry "UKR"]
[SourceTitle "playchess.com"]
[Source "ChessBase"]
[SourceQuality "1"]

{[%evp 9,62,56,60,33,61,40,40,40,37,43,39,56,58,-68,25,20,28,22,39,-17,-10,-45,-34,-37,0,0,-16,-22,0,-50,-46,-48,-38,-48,-41,-45,0,-84,102,91,87,25,372,54,304,307,297,284,413,388,1501,1471,1516,1458,29988]} 1. e4 e6 2. d4 d5 3. Nc3 Nc6 4. e5 Nge7 5. Nf3 Nf5 6. g3 {C10: French with 3 Nc3: Unusual Black 3rd moves and 3...dxe4} Be7 $146 ({Predecessor:} 6... f6 7. g4 Nfe7 8. exf6 gxf6 9. g5 Ng6 10. h4 Bd6 11. Be3 Qe7 12. Qd2 Qf7 13. Nb5 {1-0 (25) Areshchenko,A (2660)-Vasiliev,M (2174) Evpatoria 2006}) 7. Bg2 b6 8. O-O {White is slightly better.} Ba6 9. Re1 g5 10. g4 Ng7 11. h4 ({White should play} 11. h3 $14) 11... gxh4 ({Black should try} 11... h5 $1 $15 12. Nxg5 hxg4 13. Qxg4 Nb4) 12. Bh6 $11 Rg8 13. Kh1 Qd7 $1 14. Qd2 (14. Ne2 $14) 14... O-O-O 15. Qf4 Rdf8 16. g5 $1 Bd8 17. Nxh4 Ne7 18. Bh3 Kb8 19. Nd1 Ng6 20. Qg4 c5 21. c3 Bd3 22. Ne3 Be7 23. Red1 (23. Rad1 $11 Qb5 24. Kg1) 23... Nxh4 $2 (23... Qb5 $1 $17 {And now ...Be2 would win.} 24. Nxg6 hxg6) 24. Rxd3 $16 Ng6 25. Bg2 (25. f4 $16) 25... cxd4 $2 {[%mdl 8192] [#]} (25... Rd8 $11) 26. cxd4 $2 (26. Nxd5 $1 $18 {[%mdl 512]} Nf5 (26... exd5 27. Qxd7) 27. Nxe7 Ngxe7 28. Bxf8 Rxf8 29. Qe4) 26... Rc8 $2 {[#]} (26... Rd8 $14) 27. Bxg7 $1 $18 Rxg7 {[#]} 28. Nxd5 $1 {[%mdl 512]} h5 (28... Rgg8 $142 29. Rg3 Rh8) (28... exd5 29. Qxd7) 29. gxh6 Rh8 $2 (29... Rgg8 30. h7 Rgd8) 30. Nxe7 Rxh6+ 31. Kg1 {Qe4 is the strong threat.} Qxe7 {Precision: White = 44%, Black = 31%.} 1-0

[Event "5th Nebesna Sotnya Rapid 2018"]
[Site "Lutsk"]
[Date "2018.02.17"]
[Round "7"]
[White "Gritsak, Orest"]
[Black "Stupak, Kirill"]
[Result "1/2-1/2"]
[WhiteElo "2469"]
[BlackElo "2559"]
[Annotator "TA"]
[PlyCount "52"]
[EventDate "2018.??.??"]
[EventType "swiss"]
[EventCountry "UKR"]
[SourceTitle "playchess.com"]
[Source "ChessBase"]
[SourceQuality "1"]

{[%evp 9,52,17,27,19,53,40,38,6,38,45,56,40,35,18,38,41,59,33,46,17,56,29,28,33,23,-13,-7,-12,19,0,0,0,0,0,0,0,2,16,16,10,17,0,20,2,138]} 1. Nf3 g6 2. e4 Bg7 3. d4 d6 4. Nbd2 Nc6 (4... Nf6 5. Bd3 O-O 6. O-O Nbd7 7. Re1 e5 8. dxe5 dxe5 9. Nc4 Re8 10. Bf1 Qe7 11. c3 b6 12. Nfd2 Bb7 13. f3 Rad8 14. Qc2 {½-½ (82) Rakhmanov,A (2602)-Bologan,V (2672) Khanty-Mansiysk 2013}) 5. c3 e5 6. dxe5 {B06: Modern Defence} dxe5 7. a4 $146 ({Predecessor:} 7. Bc4 Nf6 {½-½ (7) Mufic,G (2307)-Car,T (2283) Sibenik 2007}) 7... Nf6 8. Be2 {White is slightly better.} O-O 9. O-O Qe7 10. b3 Rd8 {[#] White must now prevent ...Nxe4!} 11. Ba3 Qe8 {And now ...Nxe4! would win.} 12. Qc2 Bd7 13. Rfe1 a6 14. Bf1 h6 15. g3 Be6 16. b4 Nd7 17. b5 axb5 {The position is equal.} 18. axb5 Ne7 {[%cal Bc6e7,Be7c8,Bc8b6][%mdl 32]} 19. Nc4 Nc8 20. Bb4 Rxa1 21. Rxa1 Bxc4 22. Bxc4 Ncb6 23. Bb3 Bf8 24. Rd1 Ra8 25. h4 {[%cal Bh2h4,Bh4h5][%mdl 32]} Kg7 26. h5 Nf6 {Precision: White = 28%, Black = 47%.} (26... g5 $11) 1/2-1/2

[Event "5th Nebesna Sotnya Rapid 2018"]
[Site "Lutsk"]
[Date "2018.02.17"]
[Round "7"]
[White "Sergeev, Vladimir"]
[Black "Yarmysty, Mikhail"]
[Result "1/2-1/2"]
[WhiteElo "2445"]
[BlackElo "2308"]
[Annotator "TA"]
[PlyCount "110"]
[EventDate "2018.??.??"]
[EventType "swiss"]
[EventCountry "UKR"]
[SourceTitle "playchess.com"]
[Source "ChessBase"]
[SourceQuality "1"]

{[%evp 15,110,50,44,18,50,0,0,-22,0,-18,-24,-36,0,-62,-44,-79,-79,-79,-79,-81,-10,-61,-41,-116,-37,-58,-36,-45,-44,-91,-91,-95,-62,-46,0,0,0,0,220,110,104,113,123,121,127,84,65,19,25,0,29,27,76,17,29,0,0,0,13,-29,-34,-44,-23,-147,-44,-115,-18,-16,377,158,1276,-24,-22,-53,-49,-74,-59,-155,-152,-1871,241,-75,0,-242,-140,-29988,-264,-312,-210,-200,-100,-227,0,-756,8,0,294]} 1. d4 d6 2. Nf3 Bg4 3. Nbd2 Nf6 4. h3 Bh5 5. g4 Bg6 6. Nh4 {A46: 1 d4 Nf6 2 Nf3 e6: Torre, London and Colle Systems} (6. Bg2 c6 7. e3 e6 8. Nh4 d5 9. Nxg6 hxg6 10. c4 Nbd7 11. O-O Qc7 12. g5 Ng8 13. Qc2 {½-½ (37) Meier,G (2619)-Akshayraj,K (2481) Lubbock 2013}) 6... e5 7. Bg2 c6 8. Nxg6 hxg6 {LiveBook: 3 Games} 9. c3 Nbd7 10. e3 d5 11. b3 $146 ({Find the theoretical novelty and annotate with similar games:} 11. Qb3 Qc7 12. c4 exd4 13. exd4 {1-0 (40) Bradford,J (2442)-Maltese,A (2194) Connecticut 2007}) 11... Bd6 12. Bb2 exd4 13. cxd4 Qe7 14. g5 (14. Qc2 $11) 14... Nh5 $15 15. Qg4 Nf4 16. Bf1 a5 17. a3 Rc8 ({Black should try} 17... Ne6 $17 18. Rg1 O-O) 18. Rg1 (18. h4 $11) 18... O-O 19. Kd1 (19. h4 $15) 19... Nh5 (19... Ne6 $17 20. Qg2 Nb6) 20. Be2 c5 21. Bb5 Rfd8 (21... Rc7 {NOTEXT} 22. Rc1 Rd8 23. Nf3 cxd4 24. Rxc7 Bxc7 25. Nxd4 Nc5) 22. Bxd7 Rxd7 23. dxc5 Bxc5 24. Nf3 {[#]} Bxe3 $1 {[%mdl 512]} 25. fxe3 Qxe3 26. Nd2 $1 {aiming for Re1.} Nf4 $2 (26... Rdc7 $11 {and Black is okay.} 27. Qd4 Qxh3) 27. Re1 {[#]} ({Only move:} 27. Rg3 $1 $18 {[%cal Rg3e3]} Qf2 28. Qf3 Qxf3+ 29. Rxf3) 27... Qd3 $1 $16 {[%csl Gc8][%cal Rd3c2][%mdl 512]} 28. Qxf4 Qc2+ 29. Ke2 Qxb2 30. Kf1 d4 {White should prevent ...Rd5.} 31. Rad1 Rd5 {...Rf5 is the strong threat.} 32. Kg1 Rf5 33. Qg3 d3 34. Re4 (34. Ne4 $16) 34... Qxa3 $11 35. Rde1 Qc5+ 36. Kh1 Rxg5 37. Qe3 Qd5 38. Nf3 Rf5 $36 {[%mdl 2048] Black has good play.} 39. h4 (39. Kg1 $11) 39... f6 (39... Qxb3 $17 {Threatens to win with ...a4.} 40. Nd4 Qd5) 40. Rd1 (40. Kg1 $1 $15) 40... Qxb3 (40... Rc3 $1 $17 41. Nd2 Re5) 41. Rxd3 Rc1+ $2 {[%mdl 8192]} (41... Qf7 $11) 42. Kg2 (42. Ng1 $18 {is the precise move to win. Threatening mate with Rd8+.} Rxg1+ 43. Kxg1 Qb1+ 44. Kg2 Qc2+ 45. Kh3) 42... Qa2+ $2 (42... Qc2+ $16 43. Rd2 Rxf3 44. Kxf3 Qc6 45. Qb3+ Kh7) 43. Rd2 $2 (43. Kg3 $1 $18 {White wants to mate with Re8+.} Kh7 44. Qxc1) 43... Rc2 44. Red4 Rxd2+ 45. Rxd2 Qc4 46. Rd8+ ({Better is} 46. Rd4 $15 Qc8 47. Qd3) 46... Kh7 $17 47. Kg3 $2 (47. Rd4 $17 Qc2+ 48. Qd2) 47... Qf1 $4 {[%mdl 8192]} (47... Qc7+ $19 48. Kf2 Qxd8) 48. Rd2 $2 (48. Qb3 $18 {White threatens Qg8+ and mate.} Rxf3+ 49. Qxf3) 48... a4 (48... Qc1 $1 $17 {White must now prevent ...b5.} 49. Qd3 b5) 49. Rf2 $2 (49. Qe4 $11) 49... Qb1 (49... Qc4 $19 {And now ...b5 would win.} 50. Qe2 Qd5) 50. Nd2 $2 {[%mdl 8192]} (50. Rd2 $17) 50... Qb5 $2 (50... Qg1+ {NOTEXT} 51. Kh3 Rxf2 52. Qxf2 Qxf2 53. Nb1 a3 $1 {[%mdl 512]} 54. Nc3 Qf3+ 55. Kh2 Qxc3 56. h5 gxh5 57. Kg2 a2 58. Kh2 a1=Q 59. Kg2 Qab2+ 60. Kh1 Qe1#) 51. Nf3 Qb4 52. Rd2 a3 (52... Qc4 $1 $19 53. Rd7 a3 $1 {[%mdl 512]} 54. Qxa3 Qf4+ 55. Kg2 Qg4+ 56. Kh2 Qf4+ 57. Kg2 Qg4+ 58. Kh2 Qf4+ 59. Kg2) 53. Rd4 (53. Ra2 $17) 53... Qb1 $2 ({Black should play} 53... Qc5 $1 $19 54. h5 Rxh5) 54. Qxa3 $2 {[%mdl 8192] [#]} (54. Rd8 $11) 54... b5 $2 (54... Rxf3+ $1 $19 {[%mdl 512]} 55. Qxf3 Qg1+ 56. Qg2 Qxd4 57. Qxb7 Qe3+ 58. Kh2 Qe2+ 59. Kg3 f5) 55. Qd3 Qb2 $2 {[%mdl 40960] Precision: White = 14%, Black = 20%. . An unexpected result.} (55... Qc1 $11 {and Black has nothing to worry.}) 1/2-1/2

[Event "5th Nebesna Sotnya Rapid 2018"]
[Site "Lutsk"]
[Date "2018.02.17"]
[Round "7"]
[White "Bortnyk, Mykola"]
[Black "Khaetsky, Roman"]
[Result "1/2-1/2"]
[WhiteElo "2432"]
[BlackElo "2369"]
[Annotator "TA"]
[PlyCount "81"]
[EventDate "2018.??.??"]
[EventType "swiss"]
[EventCountry "UKR"]
[SourceTitle "playchess.com"]
[Source "ChessBase"]
[SourceQuality "1"]

{[%evp 11,81,20,9,0,7,11,16,0,0,-6,0,-12,-21,-37,0,0,0,0,0,0,0,0,6,6,12,9,18,-19,-6,-31,0,0,0,0,10,0,20,18,48,0,0,0,0,-21,-25,-35,-35,-45,0,0,0,0,0,0,0,0,0,0,0,0,0,0,0,-145,-211,-206,-188,-183,-178,-191,0,0]} 1. e4 e5 2. Nf3 {[%cal Bg1f3,Bf3d4,Bd4f5][%mdl 32]} Nc6 3. d4 exd4 4. Nxd4 Bc5 5. Nf5 Qf6 6. Nc3 {C45: Schottische Partie} Nge7 {LiveBook: 16 Partien} 7. Be3 d6 8. Bxc5 dxc5 $146 ({Vorgänger:} 8... Bxf5 9. Be3 Be6 10. Qd2 h6 11. Be2 O-O-O 12. Nd5 Qg6 13. f3 Kb8 14. O-O-O f5 15. Bc4 fxe4 16. Nf4 Bxc4 17. Nxg6 Nxg6 18. Qc3 Be2 19. Rd2 {1-0 (19) Kortschnoj,V (2617)-Karlsch,R Berlin 2001}) 9. Nxe7 Qxe7 10. Bb5 Bd7 11. O-O O-O-O 12. Re1 Nd4 13. Nd5 {[%cal Bc3d5,Bd5e3,Be3f5][%mdl 32]} Qd6 14. Bxd7+ Rxd7 15. c3 Ne6 16. Qa4 Kb8 17. Rad1 {[#] Schwarz muss nun Sf6! beachten.} Rhd8 18. Ne3 Qe7 19. Nf5 Qe8 20. Qc2 g6 21. Ne3 Nf4 22. Rxd7 Rxd7 23. Rd1 b6 24. g3 Ne6 25. Rd5 Rxd5 26. exd5 ({Bitte nicht} 26. Nxd5 Ng5 $17) 26... Ng5 27. h4 (27. Qd3 {seems wilder.} Nf3+ 28. Kf1 Kb7 29. b3 f5 30. h4) 27... Ne4 28. Kg2 Nd6 29. Qd3 f5 30. Nc4 Nxc4 31. Qxc4 $11 {[%mdl 4096] Endspiel KD-KD} a5 32. b3 Kc8 33. Kf3 Qe5 34. Qd3 Kd7 35. c4 Kd6 36. a4 h6 37. g4 (37. Qe3 $11 {hält das Gleichgewicht.}) 37... Qd4 $17 38. Qxd4 cxd4 39. gxf5 gxf5 {...Kc5 ist eine echte Drohung.} 40. Ke2 {[#]} c5 $2 ({Günstiger ist} 40... Kc5 $1 $19 {[%cal Rc5b4]} 41. Kd3 Kb4 42. Kxd4 f4) 41. f4 {Precision: Weiß = 52%, Schwarz = 77%.} 1/2-1/2

[Event "5th Nebesna Sotnya Rapid 2018"]
[Site "Lutsk"]
[Date "2018.02.17"]
[Round "7"]
[White "Budnikov, Oleg"]
[Black "Mirzoev, Emil"]
[Result "1/2-1/2"]
[WhiteElo "2422"]
[BlackElo "2405"]
[Annotator "TA"]
[PlyCount "53"]
[EventDate "2018.??.??"]
[EventType "swiss"]
[EventCountry "UKR"]
[SourceTitle "playchess.com"]
[Source "ChessBase"]
[SourceQuality "1"]

{[%evp 21,53,23,27,25,24,16,20,0,37,30,23,25,45,22,35,10,14,-77,26,29,31,0,41,4,26,14,21,13,119,0,1,0,0,-11]} 1. d4 d5 2. c4 c6 3. cxd5 cxd5 4. Nc3 Nc6 5. Nf3 Nf6 6. Bf4 e6 7. e3 Bd6 8. Bxd6 Qxd6 9. Bd3 O-O 10. O-O a6 11. Rc1 b5 {LiveBook: 7 Partien} 12. Ne2 {D10: Damengambit (Slawische Verteidigung)} (12. a3) 12... Bb7 13. Qd2 $146 ({Vorgänger:} 13. a4 bxa4 14. Qxa4 Nb4 15. Ne5 Nxd3 16. Nxd3 Ne4 17. Ne5 Rfc8 18. Nf4 f6 19. Ned3 Bc6 {0-1 (36) Derbentseva,I-Pshenova,E Kazan 2000}) 13... Rfc8 14. Bb1 Ne7 15. Rxc8+ Rxc8 16. Rc1 Rxc1+ 17. Qxc1 Qc6 18. Qxc6 Nxc6 19. Ne5 {[#]} (19. Ne1 $11 {hält das Gleichgewicht.}) 19... Kf8 ({Besser ist} 19... Nxe5 $1 $17 20. dxe5 Ng4) 20. Nxc6 $11 Bxc6 {[%mdl 4096] Endspiel KLS-KLS} 21. Nf4 Ke7 22. f3 Kd6 23. Nd3 Nd7 24. Kf2 f6 (24... a5 $11) 25. Ke1 (25. Nb4 $16) 25... h6 26. Kd2 a5 27. a3 {Precision: Weiß = 33%, Schwarz = 21%.} 1/2-1/2